Globální trendy v bankovnictví

Štvorica základných faktorov, ktoré pôsobia na bankovníctvo. Rad strategických plánovacích predpokladov, vypracovaný spoločnosťou Gartner, ktorá ich nazvala Nexus of forces (zväzok síl.)

Enregistré dans:
Détails bibliographiques
Auteur principal: Moyer, R. Kristin
Format: Chapitre de livre
Langue:tchèque
Sujets:
Tags: Ajouter un tag
Pas de tags, Soyez le premier à ajouter un tag!

MARC

LEADER 00000naa a2200000 4500
001 0167363
005 20231211082612.8
041 0 |a cze 
044 |a CZ 
245 1 0 |a Globální trendy v bankovnictví  |c Kristin R. Moyer 
520 |a Štvorica základných faktorov, ktoré pôsobia na bankovníctvo. Rad strategických plánovacích predpokladov, vypracovaný spoločnosťou Gartner, ktorá ich nazvala Nexus of forces (zväzok síl.) 
610 2 0 |a banky 
610 2 0 |a bankovníctvo 
610 2 0 |a bankovníctvo retailové 
610 2 0 |a styk platobný 
610 2 0 |a služby bankové 
610 2 0 |a služby finančné 
610 2 0 |a siete sociálne 
100 1 |a Moyer, R. Kristin